<?xml version="1.0" encoding="UTF-8"?>
<record
    xmlns:xsi="http://www.w3.org/2001/XMLSchema-instance"
    xsi:schemaLocation="http://www.loc.gov/MARC21/slim http://www.loc.gov/standards/marcxml/schema/MARC21slim.xsd"
    xmlns="http://www.loc.gov/MARC21/slim">

  <leader>00893nam a22001337a 4500</leader>
  <datafield tag="040" ind1=" " ind2=" ">
    <subfield code="c">RUA</subfield>
  </datafield>
  <datafield tag="082" ind1=" " ind2=" ">
    <subfield code="a">AGR THI 2010 B045 Or.1</subfield>
  </datafield>
  <datafield tag="100" ind1=" " ind2=" ">
    <subfield code="a">THIM, VANTY.</subfield>
  </datafield>
  <datafield tag="245" ind1=" " ind2=" ">
    <subfield code="a">occurence of arthropods pests and natureal enemies on cashew trees in the condition of red and sandy soil in stungtrung district, kampongcham province ( &#x179F;&#x1798;&#x17B6;&#x179F;&#x1797;&#x17B6;&#x1796;&#x179F;&#x178F;&#x17D2;&#x179C;&#x179B;&#x17D2;&#x17A2;&#x17B7;&#x178F;&#x1785;&#x1784;&#x17D2;&#x179A;&#x17C3; &#x1793;&#x17B7;&#x1784;&#x179F;&#x178F;&#x17D2;&#x179C;&#x179B;&#x17D2;&#x17A2;&#x17B7;&#x178F;&#x1798;&#x17B6;&#x1793;&#x1794;&#x17D2;&#x179A;&#x1799;&#x17C4;&#x1787;&#x1793;&#x17CD;&#x179B;&#x17BE;&#x178A;&#x17C6;&#x178E;&#x17B6;&#x17C6;&#x179F;&#x17D2;&#x179C;&#x17B6;&#x1799;&#x1785;&#x1793;&#x17D2;&#x1791;&#x17B8;&#x1780;&#x17D2;&#x1793;&#x17BB;&#x1784;&#x179B;&#x1780;&#x17D2;&#x1781;&#x1781;&#x178E;&#x17D2;&#x178C;&#x178A;&#x17B8;&#x1780;&#x17D2;&#x179A;&#x17A0;&#x1798; &#x1793;&#x17B7;&#x1784; &#x178A;&#x17B8;&#x1781;&#x17D2;&#x179F;&#x17B6;&#x1785;&#x17CB; &#x1793;&#x17C5;&#x1780;&#x17D2;&#x1793;&#x17BB;&#x1784;&#x179F;&#x17D2;&#x179A;&#x17BB;&#x1780;&#x179F;&#x17D2;&#x1791;&#x17B9;&#x1784;&#x178F;&#x17D2;&#x179A;&#x1784;&#x17CB; &#x1781;&#x17C1;&#x178F;&#x17D2;&#x178F;&#x1780;&#x17C6;&#x1796;&#x1784;&#x17CB;&#x1785;&#x17B6;&#x1798;)</subfield>
  </datafield>
  <datafield tag="260" ind1=" " ind2=" ">
    <subfield code="a">Phnom Penh</subfield>
    <subfield code="b">RUA</subfield>
    <subfield code="c">2010</subfield>
  </datafield>
  <datafield tag="300" ind1=" " ind2=" ">
    <subfield code="a">xi, 49p.</subfield>
    <subfield code="b">ill.</subfield>
    <subfield code="c">29cm.</subfield>
  </datafield>
  <datafield tag="856" ind1=" " ind2=" ">
    <subfield code="u">https://drive.google.com/file/d/1l-o4tuI0avH_TmiZD48_Lt6P2NOaBBQT/view?usp=sharing</subfield>
  </datafield>
  <datafield tag="942" ind1=" " ind2=" ">
    <subfield code="c">AGR</subfield>
  </datafield>
  <datafield tag="999" ind1=" " ind2=" ">
    <subfield code="c">1121</subfield>
    <subfield code="d">1121</subfield>
  </datafield>
  <datafield tag="952" ind1=" " ind2=" ">
    <subfield code="0">0</subfield>
    <subfield code="1">0</subfield>
    <subfield code="2">ddc</subfield>
    <subfield code="4">0</subfield>
    <subfield code="6">AGR_THI_2010_000000000000000_B045_OR_1</subfield>
    <subfield code="7">0</subfield>
    <subfield code="9">4584</subfield>
    <subfield code="a">LBB</subfield>
    <subfield code="b">LBB</subfield>
    <subfield code="c">B045</subfield>
    <subfield code="d">2015-09-23</subfield>
    <subfield code="l">5</subfield>
    <subfield code="o">AGR THI 2010 B045 Or.1</subfield>
    <subfield code="p">RUA000654</subfield>
    <subfield code="r">2019-10-28</subfield>
    <subfield code="s">2019-10-09</subfield>
    <subfield code="w">2015-09-23</subfield>
    <subfield code="y">AGR</subfield>
  </datafield>
  <datafield tag="952" ind1=" " ind2=" ">
    <subfield code="0">0</subfield>
    <subfield code="1">0</subfield>
    <subfield code="2">ddc</subfield>
    <subfield code="4">0</subfield>
    <subfield code="6">AGR_THI_2010_000000000000000_B045_OR_2</subfield>
    <subfield code="7">0</subfield>
    <subfield code="9">4585</subfield>
    <subfield code="a">LBB</subfield>
    <subfield code="b">LBB</subfield>
    <subfield code="c">B045</subfield>
    <subfield code="d">2015-09-23</subfield>
    <subfield code="l">3</subfield>
    <subfield code="o">AGR THI 2010 B045 Or.2</subfield>
    <subfield code="p">RUA000791</subfield>
    <subfield code="r">2026-04-23</subfield>
    <subfield code="s">2026-03-27</subfield>
    <subfield code="w">2015-09-23</subfield>
    <subfield code="y">AGR</subfield>
  </datafield>
  <datafield tag="952" ind1=" " ind2=" ">
    <subfield code="0">0</subfield>
    <subfield code="1">0</subfield>
    <subfield code="2">ddc</subfield>
    <subfield code="4">0</subfield>
    <subfield code="6">AGR_THI_2010_000000000000000_B045_OR_3</subfield>
    <subfield code="7">0</subfield>
    <subfield code="9">4586</subfield>
    <subfield code="a">LBB</subfield>
    <subfield code="b">LBB</subfield>
    <subfield code="c">B045</subfield>
    <subfield code="d">2015-09-23</subfield>
    <subfield code="l">4</subfield>
    <subfield code="o">AGR THI 2010 B045 Or.3</subfield>
    <subfield code="p">RUA000792</subfield>
    <subfield code="r">2026-06-17</subfield>
    <subfield code="s">2025-10-30</subfield>
    <subfield code="w">2015-09-23</subfield>
    <subfield code="y">AGR</subfield>
  </datafield>
  <datafield tag="952" ind1=" " ind2=" ">
    <subfield code="0">0</subfield>
    <subfield code="1">0</subfield>
    <subfield code="2">ddc</subfield>
    <subfield code="4">0</subfield>
    <subfield code="6">AGR_THI_2010_000000000000000_B045_OR_4</subfield>
    <subfield code="7">0</subfield>
    <subfield code="9">4587</subfield>
    <subfield code="a">LBB</subfield>
    <subfield code="b">LBB</subfield>
    <subfield code="c">B045</subfield>
    <subfield code="d">2015-09-23</subfield>
    <subfield code="l">2</subfield>
    <subfield code="o">AGR THI 2010 B045 Or.4</subfield>
    <subfield code="p">RUA000004</subfield>
    <subfield code="r">2022-08-03</subfield>
    <subfield code="s">2022-07-18</subfield>
    <subfield code="w">2015-09-23</subfield>
    <subfield code="y">AGR</subfield>
  </datafield>
</record>
